000 00311nam a2200133Ia 4500
008 191201s2007 xx 000 0 und d
082 _a658.15
_bMAF
100 _aMAHESHWARI, S N
245 0 _aFinancial Management
260 _aN.Delhi
_bSultan Chand
_c2007
300 _a643
650 _aMBA
942 _2ddc
_cBK
999 _c2798
_d2798